Nové predpisy pre hygienu verejného stravovania
Gespeichert in:
| Format: | Buch |
|---|---|
| Veröffentlicht: |
NEWSLETTER,
2008
|
| Schlagworte: | |
| Tags: |
Keine Tags, Fügen Sie das erste Tag hinzu!
|
MARC
| LEADER | 00000nam a22000003a 4500 | ||
|---|---|---|---|
| 001 | stu171113 | ||
| 005 | 20141123053936.7 | ||
| 008 | 081002s2008----------------------------d | ||
| 020 | |a 978-80-7350-10-8 | ||
| 040 | |a STU |b slo | ||
| 041 | 0 | ||
| 245 | |a Nové predpisy pre hygienu verejného stravovania | ||
| 260 | |b NEWSLETTER, |c 2008 | ||
| 300 | |a 152 s | ||
| 650 | 7 | |a verejné stravovanie |2 stusub | |
| 650 | 7 | |a budovy administrativne |2 stusub | |
| 650 | 7 | |a budovy pre obchod a služby |2 stusub | |
| 996 | |b 284AU04021 |c A*6065 U |l AAKNAR |s A |a 24 |w stu171113_0001 | ||